| 000 | 00498nam a2200205Ia 4500 | ||
|---|---|---|---|
| 003 | OSt | ||
| 005 | 20250917123715.0 | ||
| 008 | 250729s2005 xx 000 0 und d | ||
| 020 | _a9788188836307 | ||
| 040 | _cAL | ||
| 041 | _aeng | ||
| 082 | _a370 RAOE | ||
| 100 |
_aRao Venkateshwara V _9222601 |
||
| 245 | _aEducation for ll | ||
| 260 |
_aNew Delhi _bSonali Publication _c2005 |
||
| 300 | _a100p | ||
| 650 |
_aEducation _9222602 |
||
| 700 |
_aLakshmi Vijay V _9222603 |
||
| 942 |
_2ddc _cBED |
||
| 999 |
_c235537 _d235537 |
||